Control of weeds on Malayan rubber estates (Record no. 56329)

MARC details
000 -LEADER
fixed length control field 00327nam a2200133Ia 4500
245 #0 - TITLE STATEMENT
Title Control of weeds on Malayan rubber estates
260 ## - PUBLICATION, DISTRIBUTION, ETC. (IMPRINT)
Name of publisher Planters Bulletin
Year of publication 1959
300 ## - PHYSICAL DESCRIPTION
Number of Pages 100-116
650 ## - SUBJECT ADDED ENTRY--TOPICAL TERM
Topical Term Malaysia
650 ## - SUBJECT ADDED ENTRY--TOPICAL TERM
Topical Term Rubber
650 ## - SUBJECT ADDED ENTRY--TOPICAL TERM
Topical Term Weed control
942 ## - ADDED ENTRY ELEMENTS (KOHA)
Koha item type Journals
Holdings
Withdrawn status Lost status Damaged status Not for loan Home library Current library Shelving location Date acquired Serial Enumeration / chronology Koha item type
      Journals RRII Library RRII Library Botany 17/12/2021 Volume 44, Issue Journals